| 000 | 01234nam a2200301Ia 4500 | ||
|---|---|---|---|
| 001 | ebr10067124 | ||
| 003 | CaPaEBR | ||
| 006 | m u | ||
| 007 | cr cn||||||||| | ||
| 008 | 011019s2004 enk s 000 0 eng d | ||
| 020 | _z0861769929 | ||
| 040 |
_aCaPaEBR _cCaPaEBR |
||
| 035 | _a(OCoLC)70731076 | ||
| 050 | 1 | 4 |
_aZ665 _b.S45 2004eb |
| 245 | 0 | 0 |
_aSelected papers from CONSAL XII in Brunei _h[electronic resource] / _cGuest editors, Johnson Paul and Lucy A. Tedd. |
| 260 |
_aBradford, England : _bEmerald Group Publishing, _cc2004. |
||
| 300 | _a71 p. | ||
| 490 | 1 |
_aProgram: electronic library and information systems. No. 3 ; _vVol. 38 |
|
| 533 |
_aElectronic reproduction. _bPalo Alto, Calif. : _cebrary, _d2009. _nAvailable via World Wide Web. _nAccess may be limited to ebrary affiliated libraries. |
||
| 650 | 0 | _aInformation science. | |
| 650 | 0 | _aLibrary science. | |
| 655 | 7 |
_aElectronic books. _2local |
|
| 700 | 1 | _aPaul, Johnson. | |
| 700 | 1 | _aTedd, Lucy A. | |
| 710 | 2 | _aebrary, Inc. | |
| 830 | 0 |
_aProgram: electronic library and information systems. _nNo. 3 ; _vv. 38. |
|
| 856 | 4 | 0 |
_uhttp://site.ebrary.com/lib/rucke/Doc?id=10067124 _zAn electronic book accessible through the World Wide Web; click to view |
| 999 |
_c49487 _d49487 |
||